La Corte Santa / (Record no. 153041)

MARC details
000 -LEADER
campo de control de longitud fija 01037nam a22002415i 4500
001 - NÚMERO DE CONTROL
campo de control 153041
003 - IDENTIFICADOR DE NÚMERO DE CONTROL
campo de control ES-MaACL
005 - FECHA Y HORA DE LA ÚLTIMA TRANSACCIÓN
campo de control 20250901063128.0
008 - DATOS DE LONGITUD FIJA--INFORMACIÓN GENERAL
campo de control de longitud fija 950206s1796 sp |||| | spa d
040 ## - FUENTE DE CATALOGACIÓN
Centro catalogador/agencia de origen CAV
100 1# - ENTRADA PRINCIPAL--NOMBRE DE PERSONA
Nombre de persona Caussin, Nicolas,
Fechas asociadas al nombre 1583-1651
9 (RLIN) 126402
245 13 - MENCIÓN DEL TÍTULO
Título La Corte Santa /
Mención de responsabilidad, etc. del Padre Nicolas Causino ; traducida del frances al castellano por ... Francisco Cruzado ; nueuamente corregida por ... Benito Francisco de Castro y Barbeyto ... ; tercera parte.
260 ## - PUBLICACIÓN, DISTRIBUCIÓN, ETC.
Lugar de publicación, distribución, etc. Madrid :
Nombre del editor, distribuidor, etc. en la Imprenta Real,
Fecha de publicación, distribución, etc. 1796.
300 ## - DESCRIPCIÓN FÍSICA
Extensión [16], 422 p. ;
Dimensiones 4º.
597 ## - NOTA DE DESCRIPCIÓN FÍSICA
NOTA DE DESCRIPCIÓN FÍSICA Sign.: *8, A-Z8, 2A-2C8, 2D3.
597 ## - NOTA DE DESCRIPCIÓN FÍSICA
NOTA DE DESCRIPCIÓN FÍSICA Port. con marca tip.
650 ## - PUNTO DE ACCESO ADICIONAL DE MATERIA--TÉRMINO DE MATERIA
Término de materia o nombre geográfico como elemento de entrada Moral cristiana-
Subdivisión de forma Obras anteriores a 1800.
9 (RLIN) 144661
700 11 - ENTRADA AGREGADA--NOMBRE PERSONAL
Nombre de persona Castro y Barbeyto, Benito Francisco de.
9 (RLIN) 36964
700 1# - ENTRADA AGREGADA--NOMBRE PERSONAL
Nombre de persona Cruzado y Aragón, Francisco Antonio.
9 (RLIN) 126648
852 ## - LOCALIZACIÓN
Ubicación ES-MaACL
Número de control de estantería R-1147
Nota libre -- Enc. piel con hierros dorados
Signatura antigua -- Olim: G-10842
Encuadernación -- Edic.: 16, 422 p. -- Port. con escudo real
Holdings
Estatus retirado Estado de pérdida Estado de daño No para préstamo Colección Biblioteca de origen Biblioteca actual Ubicación en estantería Fecha de adquisición Fuente de adquisición Total de préstamos Signatura topográfica completa Código de barras Visto por última vez Precio de reemplazo Tipo de ítem Koha
        Libros del s. XVIII Biblioteca del Ateneo de Madrid Biblioteca del Ateneo de Madrid Depósito 17/01/2008     R-1147 1159882 23/02/2023 23/02/2023 Libro impreso antiguo